Using Microsoft Windows 3, 2nd. edition
محفوظ في:
| المؤلف الرئيسي: | |
|---|---|
| مؤلفون آخرون: | |
| التنسيق: | كتاب |
| اللغة: | English |
| منشور في: |
Carmel, Ind. : QUE
c1990.
|
| الموضوعات: | |
| الوسوم: |
إضافة وسم
لا توجد وسوم, كن أول من يضع وسما على هذه التسجيلة!
|
MARC
| LEADER | 00000nam a2200000Ia 4500 | ||
|---|---|---|---|
| 003 | 000367 | ||
| 005 | 20221231144011.0 | ||
| 008 | 140114s1990 cr a 000 ||eng d | ||
| 020 | |a 0880225092 | ||
| 040 | |c cru CEDI | ||
| 082 | |a 005.6 P467u | ||
| 100 | |a Person, Ron |9 20662 | ||
| 245 | |a Using Microsoft Windows 3, 2nd. edition | ||
| 260 | |a Carmel, Ind. : QUE |c c1990. | ||
| 300 | |a 662 páginas | ||
| 650 | |x MICROSOFT WINDOWS (PROGRAMAS PARA COMPUTADORA) |9 20664 | ||
| 700 | |9 20663 |a Rose, Karen | ||
| 942 | |2 ddc |c BK | ||
| 999 | |c 15426 |d 15426 | ||



